採用教科書の出版社 - Statistics

General Stats
  • This quiz has been taken 132 times
  • The average score is 7 of 47
Answer Stats
Answer 小学校 中学校 高校 % Correct
2 東京書籍 国書社図算理生__家保英道 国書地歴公数理__保技英道 国地公数理_芸英家情
72%
104 数研出版 _____数_______ 国_公数理__英_情
56%
38 光村図書出版 国書____生____英道 国書______美__英道 ______芸___
52%
61 新興出版社啓林館 ____算理生____英_ _____数理____英_ ___数理__英__
48%
81 山川出版社 ___歴_________ _歴________
47%
46 帝国書院 ___図_________ __地歴公________ _地公_______
46%
4 大日本図書 ____算理生___保__ _____数理__保___
29%
15 三省堂 ___________英_ 国書_________英_ 国______英__
28%
17 教育出版 国書社_算理生音___英道 国書地歴公数理音___英道 ______芸___
27%
183 第一学習社 国地公数理保_英家情
18%
7 実教出版 _地公数理___家情★農工商水家情福
18%
224 Gakken __________保_道 _________保__道
16%
143 筑摩書房 国_________
13%
231 いいずな書店 _______英__
13%
27 教育芸術社 _______音_____ _______音_____ ______芸___
12%
50 大修館書店 __________保__ _________保___ 国____保_英家_
12%
227 育鵬社 ___歴公________
12%
116 日本文教出版 __社_算___画___道 __地歴公数__美___道 ______芸__情
11%
11 学校図書 ____算理生______ _____数_______
11%
9 開隆堂出版 ________画家_英_ ________美_技英_ _______英家情
11%
130 二宮書店 _地________
11%
212 桐原書店 国______英__
9%
35 清水書院 _地公_______
9%
225 自由社 ___歴_________
8%
236 令和書籍 ___歴_________
8%
26 信州教育出版社 _____理生______
7%
208 光文書院 __________保_道
7%
6 教育図書 __________技__ __公___芸_家_★家
5%
117 明治書院 国_________
5%
190 東京法令出版 __公_______★商
5%
234 TAC ★商
5%
229 学び舎 ___歴_________
4%
232 あかつき教育図書 ____________道
4%
233 日本教科書 ____________道
4%
89 音楽之友社 ______芸___
4%
154 オーム社 ★工
4%
174 コロナ社 ★工
4%
177 増進堂 _______英__
4%
178 農山漁村文化協会 ★農
4%
207 文教社 __________保__
3%
109 文英堂 国______英__
3%
179 東京電機大学 ★農工情
3%
221 明成社 _歴________
3%
235 Cambridge University Press & Assessment _______英__
3%
226 CHEERS _______英__
3%
201 海文堂 ★農工水
2%
230 ネットスクール ★商
2%
No matching quizzes found
Score Distribution
Percent of People with Each Score
Percentile by Number Answered
Your Score History
You have not taken this quiz